书目信息 |
| 题名: |
骨盆底锻炼
|
|
| 作者: | 基琴汉姆 , 波普 著 ;郑纯 , 阮幼冰 , 郑纯冰 译 | |
| 分册: | ||
| 出版信息: | 上海 上海科学技术出版社 2005 |
|
| 页数: | 174页 | |
| 开本: | 21cm | |
| 丛书名: | 漂亮妈咪系列 | |
| 单 册: | ||
| 中图分类: | R173 | |
| 科图分类: | ||
| 主题词: | 女性 , 骨盆底 , 女性--骨盆底--保健 , 保健 | |
| 电子资源: | ||
| ISBN: | 7-5323-7852-7 | |
| 000 | 01119nam0 2200337 450 | |
| 000 | 01262nam0 2200361 45 | |
| 001 | TS-194183 | |
| 005 | 20061206085109.87 | |
| 010 | @a7-5323-7852-7@dCNY29.80 | |
| 100 | @a20060829d2005 em y0chiy0110 ea | |
| 101 | 1 | @achi@cger |
| 102 | @aCN@b310000 | |
| 105 | @aa z 000yy | |
| 200 | 1 | @a骨盆底锻炼@AGu Pen Di Duan Lian@f(德)苏珊·基琴汉姆,(德)安内苔·波普著@F( De ) Su Shan· Ji Qin Han Mu, ( De ) An Nei Tai· Bo Pu Zhu@g郑纯冰,郑纯,阮幼冰译 |
| 210 | @a上海@c上海科学技术出版社@d2005 | |
| 215 | @a174页@c图@d21cm | |
| 225 | 2 | @a漂亮妈咪系列 |
| 330 | @a本书介绍了骨盆的医学常识,以及增强骨盆底功能的体操锻炼方式和方法。 | |
| 410 | 0 | @12001 @a漂亮妈咪系列 |
| 606 | 0 | @a女性 |
| 606 | 0 | @a骨盆底 |
| 606 | 0 | @a女性@x骨盆底@x保健 |
| 606 | 0 | @a保健 |
| 690 | @aR173@v4 | |
| 701 | 0 | @c(德)@a基琴汉姆@AJi Qin Han Mu@c(女)@4著 |
| 701 | 0 | @c(德)@a波普@ABo Pu@c(女)@4著 |
| 702 | 0 | @a郑纯@AZheng Chun@4译 |
| 702 | 0 | @a阮幼冰@ARuan You Bing@c(医学)@4译 |
| 702 | 0 | @a郑纯冰@AZheng Chun Bing@4译 |
| 801 | 0 | @aCN@b中图数据@c20061206 |
| 905 | @a10447@dR173@e121 | |
| 骨盆底锻炼/(德)苏珊·基琴汉姆,(德)安内苔·波普著/郑纯冰,郑纯,阮幼冰译.-上海:上海科学技术出版社,2005 |
| 174页:图;21cm.-(漂亮妈咪系列) |
| ISBN 7-5323-7852-7:CNY29.80 |
| 本书介绍了骨盆的医学常识,以及增强骨盆底功能的体操锻炼方式和方法。 |
| ● |
| 相关链接 |
|
|
|
|
正题名:骨盆底锻炼
索取号:R173/121
 
预约/预借
| 序号 | 登录号 | 条形码 | 馆藏地/架位号 | 状态 | 备注 |
| 1 | 0615799 | 206157996 | 第二样本阅览室/ [索取号:R173/121] | 在馆 | |
| 2 | 0615800 | 206158003 | 第三借阅区/ [索取号:R173/121] | 在馆 | |
| 3 | 0615801 | 206158012 | 第三借阅区/ [索取号:R173/121] | 在馆 |